| 000 | 00000cas 2200000zi 4500 |
| 001 | 9.504337 |
| 003 | CaOODSP |
| 005 | 20260213084045 |
| 006 | m o d f |
| 007 | cr cn |||||||| |
| 008 | 150406c20119999oncar p o f0 b0fre|d |
| 022 | |a2818-1549 |
| 040 | |aCaOODSP|bfre|erda|cCaOODSP |
| 043 | |an-cn--- |
| 086 | 1 |aCP1-9F-PDF |
| 110 | 1 |aCanada. |bBureau du Conseil privé, |eauteur, |eorganisme de publication. |
| 222 | 0|aRapport annuel au Parlement concernant la Loi sur la protection des renseignements personnels |b(Canada. Bureau du Conseil privé) |
| 245 | 10|aRapport annuel au Parlement concernant la Loi sur la protection des renseignements personnels / |cBureau du Conseil privé. |
| 264 | 1|aOttawa (Ontario) : |bGovernment of Canada, Privy Council Office = Gouvernement du Canada, Bureau du Conseil privé |
| 310 | |aAnnuel |
| 336 | |atexte|btxt|2rdacontent/fre |
| 337 | |ainformatique|bc|2rdamedia/fre |
| 338 | |aressource en ligne|bcr|2rdacarrier/fre |
| 362 | 1 |aParaît depuis 2010/2011? |
| 500 | |aPublié aussi en anglais sous le titre : Annual report to Parliament on the Privacy Act. |
| 515 | |aL'année d'activité se termine le 31 mars. |
| 588 | |aDescription d'après : 2010/2011. |
| 588 | |aDernière livraison consultée : 2022/2023. |
| 610 | 16|aCanada. |bBureau du Conseil privé|vPériodiques. |
| 610 | 16|aCanada. |tLoi sur la protection des renseignements personnels|vPériodiques. |
| 650 | 6|aDroit à la vie privée|zCanada|vPériodiques. |
| 655 | 7|aPériodiques|2rvmgf |
| 775 | 08|tAnnual report to Parliament on the Privacy Act / |w(CaOODSP)9.507960 |